Statistics for Top 5 Dallas Cowboys Players 2023-2024 Season

Click here to take the quiz!

General Stats

  • This quiz has been taken 15 times
  • The average score is 5 of 5

Answer Stats

HintAnswer% Correct
1. WRCeedee Lamb
100%
4. QBDak Prescott
100%
2. LOLB/DEMicah Parsons
100%
5. CBStephon Gilmore
93%
3. CBDaron Bland
86%

Score Distribution

Percentile by Number Answered

Percent of People with Each Score

Your Score History

You have not taken this quiz